Décodeur - Star Wars - Statistiques

Statistiques générales
  • Ce quiz a été pris 479 fois
    49 depuis la dernière actualisation
  • Le résultat moyen est 22 sur 40
Statistiques - réponses
Indice Mot % Correct
P Nom donné aux apprentis Jedi Padawan
93%
E Elle fut construite par Palpatine et a détruit Alderaan Étoile de la Mort
88%
E Peuple originaire d'Endor apparu dans l'épisode 6 Ewok
88%
L Ami d'Han, il était l'ancien propriétaire du Faucon Millenium Lando Calrissian
85%
N Planète d'origine de Padmé Amidala Naboo
85%
O Nom de famille de Bail, père adoptif de Leia et roi d'Alderaan Organa
85%
R Petite-fille de Palpatine et dernière Jedi Rey
85%
A Apprentie d'Anakin, elle a eu sa propre série Ahsoka Tano
83%
D Planète ou Yoda s'est retiré pour ses dernières années Dagobah
83%
D Comte, ancien Jedi passé du côté Obscur Dooku
83%
Q Maître d'Obi-Wan Kenobi, il fut tué par Dark Maul Qui-Gon Jinn
83%
S Nom de la mère d'Anakin Shmi
83%
S Arme traditionnelle des Jedi et des Siths Sabre laser
80%
C Droïde de protocole, il voyage souvent avec un droïde bleu et blanc C-3PO
75%
R Droïde astromécano, il voyage souvent avec un droïde doré R2-D2
73%
O Oncle de Luke Skywalker Owen
70%
C Désigne les douze plus grands Jedi à l'époque de la prélogie Conseil
68%
R Film dans lequel on peut trouver Jyn Erso ou encore Cassian Andor Rogue One
68%
S Souvent confondue ou mise en conflit avec Star Wars, cette série est notamment connue pour le personnage de Spock Star Trek
65%
E Il est dirigé par Palpatine durant la Guerre Civile Galactique Empire
63%
H Espèce ressemblant à de grosses limaces, Jabba en est le représentant le plus connu Hutt
58%
N Vice-roi de la Fédération du Commerce Nute Gunray
58%
T Aussi appelés "hommes des sables", un groupe entier a été massacré par Anakin Tusken
58%
V Nom de famille de Asajj, apprentie du comte Dooku Ventress
55%
H Général roux du Premier Ordre, il l'a trahi mais s'est fait tuer Hux
50%
E Personnage principal de Star Wars Rebels Ezra Bridger
43%
E Palpatine s'y cache à la fin de l'Ascension de Skywalker Exegol
40%
C Planète d'origine d'Han Solo Corellia
38%
S Monstre de Tatooine qui met 10000 ans à digérer Sarlacc
38%
O Antagoniste de Rogue One, il est mort détruit par l'Étoile de la Mort sur Scarif Orson Krennic
35%
Bonus Qui a prononcé cette phrase ? Obi-Wan Kenobi
33%
U Planète où Obi-Wan a tué le général Grievous Utapau
33%
S Jeu de cartes, Han a gagné une partie contre Lando qui dût lui donner le Faucon Millenium Sabacc
28%
Citation Ce ne sont pas les droïdes que vous recherchez
20%
Z Clawdite, ou Changeuse, qui a été poursuivie par Anakin et Obi-Wan au début de l'Attaque des Clones Zam Wesell
20%
E Destroyer utilisé par Dark Vador dans la trilogie principale Executor
18%
E Jedi Zabrak membre du Conseil, son nom de famille est Koth Eeth
15%
I Planète d'où viennent les cristaux Kyber Ilum
13%
U Espèce à laquelle appartient Kuiil (apparu dans The Mandalorian), ils ressemblent à des porcs Ugnaught
8%
E Ver géant vivant dans un astéroïde, il attaque le Faucon dans l'Empire Contre-Attaque Exogorth
0%
Aucun quiz correspondant
Distribution des résultats
% des personnes avec chaque résultat
Percentile par nombre de réponses
Votre historique - résultats
Vous n’avez pas pris ce quiz depuis la dernière actualisation